00631 2200253 4500001002100000005001500021035002000036007000300056008004100059020001800100082001700118084001700135100001600152245005000168250001000218260003000228300002800258650001400286040001200300850001200312990001500324990001900339990001900358INLIS00000000068902020170418035200 a0010-0417000181ta170418 g 0 ind  a9789792953855 2[23]a001.62 a001.62 WAR p0 aWarner Bros1 aPintar Membaca Untut Pra TK-TK /cWarner Bros aEd. I aYogyakarta :bANDI,c2015 a32 hlm :bilus ;c28 cm aBuku Anak aJIPUBAY aJIPUBAY aDPKBWI0670 aDPKBWI20170670 aDPKBWI20170670